[Event "EU-Cup 18th"]
[Site "Kallithea"]
[Date "2002.09.27"]
[Round "6.2"]
[White "Carlsson, Pontus"]
[Black "Burgess, Graham"]
[Result "1-0"]
[WhiteElo "2400"]
[BlackElo "2309"]
[PlyCount "263"]
[EventDate "2002.09.22"]
[EventType "team-swiss"]
[EventRounds "7"]
[EventCountry "GRE"]
[SourceTitle "CBM 092"]
[Source "ChessBase"]
[SourceDate "2003.02.06"]
[SourceVersion "1"]
[SourceVersionDate "2003.02.06"]
[SourceQuality "1"]
[WhiteTeam "Sollentuna"]
[BlackTeam "Bristol"]
[WhiteTeamCountry "SWE"]
[BlackTeamCountry "ENG"]

1. e4 Nf6 2. e5 Nd5 3. d4 d6 4. c4 Nb6 5. exd6 exd6 6. Nc3 g6 7. h3 Bg7 8. Nf3 0-0 9. Be2 Nc6 10. 0-0 Ne7 11. Bf4 h6 12. Rc1 Kh8 13. d5 Nd7 14. Nd4 Re8 15. Qd2 Kh7 16. Be3 Nf6 17. Bd3 c5 18. dxc6 bxc6 19. Be2 Ba6 20. Rfd1 d5 21. cxd5 Bxe2 22. Qxe2 cxd5 23. Ncb5 Rf8 24. Bf4 a6 25. Nc7 Ra7 26. Nxa6 Ne4 27. b4 Qb6 28. Nc5 Qxb4 29. Nxe4 Bxd4 30. Bd6 Qa4 31. Nc3 Bxc3 32. Rxc3 Qd7 33. Bb4 Rb8 34. a3 Nc6 35. Bc5 Ra4 36. Qc2 Rf4 37. Be3 Rf6 38. Rcd3 Rf5 39. Qd2 Rd8 40. Bxh6 Ne5 41. Rg3 Nc4 42. Qc1 Qa7 43. Be3 Qxa3 44. Qxa3 Nxa3 45. Bb6 Rb8 46. Ba7 Rb1 47. Rxb1 Nxb1 48. Rd3 d4 49. Rxd4 Nc3 50. Rh4+ Rh5 51. Rc4 Nb5 52. Be3 Rd5 53. h4 Kg7 54. Bc1 Nd6 55. Bb2+ Kh6 56. Ra4 g5 57. Ra6 Kh5 58. hxg5 Kxg5 59. Bc1+ Kf5 60. Rc6 Ne4 61. f3 Nc5 62. Be3 Ne6 63. Rc4 Rd6 64. Kf2 Rd5 65. Re4 Rd6 66. Rb4 Rc6 67. Rb5+ Kf6 68. f4 Rd6 69. g4 Nc7 70. Rf5+ Ke6 71. Re5+ Kd7 72. f5 Rd5 73. Re4 Ne8 74. Bg5 f6 75. Bf4 Ng7 76. Kf3 Nxf5 77. gxf5 Rxf5 78. Kg4 Rd5 79. Re3 Rc5 80. Bg3 Rg5+ 81. Kf3 Rf5+ 82. Kg4 Rg5+ 83. Kh3 Ra5 84. Bh4 Re5 85. Rf3 f5 86. Bg3 Rd5 87. Re3 Rd4 88. Re5 f4 89. Bf2 Rc4 90. Kg4 Kd6 91. Re2 Ra4 92. Kf3 Kd5 93. Bg1 Ra1 94. Bf2 Ra4 95. Re8 Rc4 96. Bh4 Rc3+ 97. Kxf4 Rc4+ 98. Kg5 Re4 99. Rd8+ Kc4 100. Bg3 Re2 101. Kf5 Re3 102. Be5 Rh3 103. Ke4 Rh4+ 104. Bf4 Kc5 105. Rc8+ Kb4 106. Ke5 Rh5+ 107. Kd4 Rh4 108. Rb8+ Ka4 109. Ke4 Ka5 110. Ke3 Rh3+ 111. Kd2 Ka6 112. Be3 Rh2+ 113. Kd3 Rh3 114. Rb3 Ka5 115. Kc4 Ka6 116. Kc5 Rg3 117. Rb6+ Ka7 118. Bd4 Rg4 119. Rb3 Ka6 120. Be3 Rg3 121. Kc4 Rh3 122. Rb6+ Ka7 123. Bd4 Ka8 124. Kd5 Rh5+ 125. Kc4 Rh3 126. Rb5 Rh1 127. Kd5 Rh5+ 128. Be5 Rh1 129. Kc6 Rc1+ 130. Kb6 Rb1 131. Bb2 Rg1 132. Kc7 1-0

[Event "EU-Cup 18th"]
[Site "Kallithea"]
[Date "2002.09.26"]
[Round "5.3"]
[White "Burgess, Graham"]
[Black "Varga, Zoltan"]
[Result "0-1"]
[WhiteElo "2309"]
[BlackElo "2528"]
[PlyCount "48"]
[EventDate "2002.09.22"]
[EventType "team-swiss"]
[EventRounds "7"]
[EventCountry "GRE"]
[SourceTitle "CBM 092"]
[Source "ChessBase"]
[SourceDate "2003.02.06"]
[SourceVersion "1"]
[SourceVersionDate "2003.02.06"]
[SourceQuality "1"]
[WhiteTeam "Bristol"]
[BlackTeam "Sarajevo Napredak"]
[WhiteTeamCountry "ENG"]
[BlackTeamCountry "BIH"]

1. d4 d5 2. c4 dxc4 3. Nf3 Nf6 4. Nc3 a6 5. e4 b5 6. e5 Nd5 7. a4 e6 8. axb5 Nb6 9. Be2 Bb7 10. 0-0 Be7 11. Be3 0-0 12. Nd2 axb5 13. Nxb5 Rxa1 14. Qxa1 Qd5 15. Bf3 Qxb5 16. Bxb7 c6 17. Qa7 Nd5 18. Ne4 Qxb2 19. Bc1 Qb3 20. Nd6 Bxd6 21. exd6 Nc3 22. Ba8 Ne2+ 23. Kh1 Qd3 24. Ba3 Nxd4 0-1

[Event "EU-Cup 18th"]
[Site "Kallithea"]
[Date "2002.09.24"]
[Round "3.3"]
[White "Burgess, Graham"]
[Black "Karlsson, Agust Sindri"]
[Result "1-0"]
[WhiteElo "2309"]
[BlackElo "2347"]
[PlyCount "55"]
[EventDate "2002.09.22"]
[EventType "team-swiss"]
[EventRounds "7"]
[EventCountry "GRE"]
[SourceTitle "CBM 092"]
[Source "ChessBase"]
[SourceDate "2003.02.06"]
[SourceVersion "1"]
[SourceVersionDate "2003.02.06"]
[SourceQuality "1"]
[WhiteTeam "Bristol"]
[BlackTeam "Reykjavik Hellir"]
[WhiteTeamCountry "ENG"]
[BlackTeamCountry "ISL"]

1. d4 g6 2. e4 Bg7 3. Nc3 c6 4. Be3 d5 5. f3 a6 6. Qd2 b5 7. a3 Be6 8. h4 dxe4 9. Nxe4 h5 10. Ne2 Bd5 11. Ng5 Bc4 12. 0-0-0 Nd7 13. Nf4 Nb6 14. d5 Bxf1 15. Bxb6 Qxb6 16. d6 Bc4 17. d7+ Kd8 18. b3 Nh6 19. bxc4 Kc7 20. c5 Qa7 21. Nge6+ fxe6 22. Nxe6+ Kb7 23. Qa5 Be5 24. d8Q Raxd8 25. Rxd8 Rxd8 26. Qxd8 Nf5 27. Rd1 Qb8 28. Qb6+ 1-0

[Event "EU-Cup 18th"]
[Site "Kallithea"]
[Date "2002.09.23"]
[Round "2.3"]
[White "Coenen, Norbert"]
[Black "Burgess, Graham"]
[Result "1-0"]
[WhiteElo "2425"]
[BlackElo "2309"]
[PlyCount "59"]
[EventDate "2002.09.22"]
[EventType "team-swiss"]
[EventRounds "7"]
[EventCountry "GRE"]
[SourceTitle "CBM 092"]
[Source "ChessBase"]
[SourceDate "2003.02.06"]
[SourceVersion "1"]
[SourceVersionDate "2003.02.06"]
[SourceQuality "1"]
[WhiteTeam "Eupen Rochade"]
[BlackTeam "Bristol"]
[WhiteTeamCountry "BEL"]
[BlackTeamCountry "ENG"]

1. e4 Nf6 2. e5 Nd5 3. d4 d6 4. Nf3 Bg4 5. Be2 c6 6. c4 Nc7 7. exd6 exd6 8. 0-0 Be7 9. h3 Bf5 10. d5 cxd5 11. cxd5 Nd7 12. Nc3 0-0 13. Nd4 Bg6 14. f4 f5 15. Bf3 Bf6 16. Re1 Bxd4+ 17. Qxd4 Nf6 18. g3 Qd7 19. a4 a5 20. Bd2 Na6 21. Re3 Nb4 22. Rc1 Rac8 23. Qb6 Rc5 24. Re6 Rd8 25. Be3 Rxc3 26. bxc3 Nbxd5 27. Qxa5 b6 28. Bxd5 Bf7 29. Rxf6 bxa5 30. Rxf7 1-0

[Event "BCF-chT 0102 (4NCL)"]
[Site "Birmingham"]
[Date "2002.01.20"]
[Round "6.5"]
[White "Hennigan, Michael"]
[Black "Burgess, Graham"]
[Result "1/2-1/2"]
[WhiteElo "2451"]
[BlackElo "2298"]
[PlyCount "112"]
[EventDate "2001.09.22"]
[EventType "team"]
[EventRounds "11"]
[EventCountry "ENG"]
[SourceTitle "CBM 084 Extra"]
[Source "ChessBase"]
[SourceDate "2001.10.26"]
[SourceVersion "1"]
[SourceVersionDate "2001.10.26"]
[SourceQuality "1"]
[WhiteTeam "Beeson Gregory II"]
[BlackTeam "Bristol"]
[WhiteTeamCountry "ENG"]
[BlackTeamCountry "ENG"]

1. e4 Nf6 2. e5 Nd5 3. d4 d6 4. c4 Nb6 5. exd6 exd6 6. Nc3 Be7 7. Bd3 Nc6 8. Nge2 Bg4 9. Be3 Bf6 10. h3 Bxe2 11. Nxe2 0-0 12. Qd2 d5 13. c5 Nc4 14. Bxc4 dxc4 15. Rc1 b6 16. cxb6 cxb6 17. 0-0 b5 18. Rfd1 Re8 19. Nf4 Qd6 20. d5 Ne5 21. b3 Rac8 22. Qa5 a6 23. Qb6 Qa3 24. d6 Rc6 25. d7 Rd8 26. Qb7 Rd6 27. Nd5 R8xd7 28. Qc8+ Rd8 29. Nxf6+ gxf6 30. Qxd8+ Rxd8 31. Rxd8+ Kg7 32. Rc2 Qa5 33. Rc8 Qb4 34. Rd2 Nd3 35. bxc4 bxc4 36. Kh2 Qc3 37. h4 Qe5+ 38. Kg1 Qe4 39. h5 h6 40. Rc7 f5 41. Rd7 Qe6 42. Rd8 f4 43. Bd4+ f6 44. Rd1 Qg4 45. Rb1 Qxh5 46. Rb7+ Kg6 47. Rg8+ Kf5 48. f3 Qh4 49. Re7 c3 50. Rc8 Qg3 51. Rxc3 Ne1 52. Re2 h5 53. Rf2 h4 54. Rc5+ Kg6 55. Kf1 Nd3 56. Rc8 Nxf2 1/2-1/2

[Event "Troll Masters"]
[Site "Gausdal"]
[Date "2002.01.06"]
[Round "3"]
[White "Burgess, Graham"]
[Black "Bjerke, Silje"]
[Result "1-0"]
[WhiteElo "2298"]
[BlackElo "2071"]
[PlyCount "71"]
[EventDate "2002.01.04"]
[EventType "swiss"]
[EventRounds "9"]
[EventCountry "NOR"]
[SourceTitle "CBM 086 Extra"]
[Source "ChessBase"]
[SourceDate "2002.03.14"]
[SourceVersion "1"]
[SourceVersionDate "2002.03.14"]
[SourceQuality "1"]

1. d4 d5 2. c4 e6 3. Nf3 c6 4. Nc3 dxc4 5. a4 Bb4 6. e3 b5 7. Bd2 a5 8. Ne5 Nf6 9. Qf3 Bxc3 10. bxc3 Qd5 11. Qg3 0-0 12. f3 Qd8 13. Rb1 Ba6 14. Be2 Nfd7 15. f4 f6 16. Ng4 Nb6 17. axb5 cxb5 18. Bf3 Ra7 19. 0-0 Qe8 20. e4 N8d7 21. d5 e5 22. Nh6+ Kh8 23. Nf5 Nc5 24. fxe5 fxe5 25. Be3 Nba4 26. Bh5 Qxh5 27. Nxg7 Rxf1+ 28. Rxf1 Qg6 29. Qxe5 Nd7 30. Qe7 Ra8 31. Qxd7 Nxc3 32. Nf5 Nxe4 33. Bd4+ Nf6 34. Nh4 Qh6 35. Bxf6+ Kg8 36. Qe6+ 1-0

[Event "Troll Masters"]
[Site "Gausdal"]
[Date "2002.01.05"]
[Round "2"]
[White "Burgess, Graham"]
[Black "Westerinen, Heikki MJ"]
[Result "1/2-1/2"]
[WhiteElo "2298"]
[BlackElo "2412"]
[PlyCount "129"]
[EventDate "2002.01.04"]
[EventType "swiss"]
[EventRounds "9"]
[EventCountry "NOR"]
[SourceTitle "CBM 086 Extra"]
[Source "ChessBase"]
[SourceDate "2002.03.14"]
[SourceVersion "1"]
[SourceVersionDate "2002.03.14"]
[SourceQuality "1"]

1. d4 e6 2. Nf3 c5 3. e4 cxd4 4. Nxd4 Nf6 5. Nc3 Bb4 6. e5 Nd5 7. Bd2 Nxc3 8. bxc3 Bf8 9. Bd3 Nc6 10. Qe2 d6 11. exd6 Bxd6 12. 0-0 Ne5 13. Bb5+ Bd7 14. f4 Nc6 15. Bxc6 bxc6 16. Nf5 Bc5+ 17. Be3 Bxe3+ 18. Qxe3 0-0 19. Nd6 Qb6 20. Nc4 Qxe3+ 21. Nxe3 Rfb8 22. Rfd1 Be8 23. Rab1 Kf8 24. Kf2 Ke7 25. Ke2 c5 26. Rb3 Rxb3 27. axb3 a5 28. Kd3 Bb5+ 29. c4 Bc6 30. Kc3 a4 31. Ra1 Kd6 32. g3 Kc7 33. Nd1 axb3 34. Rxa8 b2 35. Ra7+ Kb6 36. Nxb2 Kxa7 37. Nd3 Kb6 38. Ne5 f6 39. Ng4 Kc7 40. Kd3 Kd6 41. Ke3 Bg2 42. Nf2 Bb7 43. h4 e5 44. fxe5+ Kxe5 45. Nd3+ Kd6 46. Nf4 g5 47. hxg5 fxg5 48. Nh3 h6 49. Nf2 Bc6 50. Ng4 h5 51. Nf6 h4 52. gxh4 gxh4 53. Kf4 h3 54. Ng4 Bd7 55. Nf2 Be6 56. Ne4+ Kc6 57. Kg3 Bf5 58. Nf2 Kd6 59. Nxh3 Ke5 60. Ng5 Bxc2 61. Kf3 Ba4 62. Ke3 Bc6 63. Nf7+ Kf6 64. Nd6 Ke5 65. Nf7+ 1/2-1/2

[Event "BCF-chT2 0001 (4NCL)"]
[Site "Birmingham"]
[Date "2001.05.05"]
[Round "9.2"]
[White "Burgess, Graham"]
[Black "Broomfield, Matthew"]
[Result "0-1"]
[WhiteElo "2314"]
[BlackElo "2240"]
[PlyCount "58"]
[EventDate "2000.11.26"]
[EventType "team"]
[EventRounds "11"]
[EventCountry "ENG"]
[SourceTitle "CBM 079 Extra"]
[Source "ChessBase"]
[SourceDate "2001.01.11"]
[SourceVersion "2"]
[SourceVersionDate "2001.01.25"]
[SourceQuality "1"]
[WhiteTeam "Bristol"]
[BlackTeam "PER"]
[WhiteTeamCountry "ENG"]
[BlackTeamCountry "ENG"]

1. d4 Nf6 2. Nf3 e6 3. Bg5 h6 4. Bxf6 Qxf6 5. e4 d6 6. Nbd2 Nd7 7. Bd3 c5 8. e5 dxe5 9. Ne4 Qd8 10. dxe5 Qc7 11. Qd2 c4 12. Qc3 b5 13. Nd6+ Bxd6 14. exd6 Qxd6 15. Be4 Rb8 16. Rd1 Qf4 17. Bc6 f6 18. Qa5 Rb6 19. Bxb5 Qe4+ 20. Kf1 Qb7 21. Bxc4 Rxb2 22. Qh5+ Ke7 23. Nd4 Ne5 24. Bb3 Rd8 25. Qh3 Rxd4 26. Rxd4 Rb1+ 27. Ke2 Rxh1 28. f4 Nc6 29. Rc4 Qd7 0-1

[Event "BCF-chT2 0001 (4NCL)"]
[Site "Birmingham"]
[Date "2000.11.26"]
[Round "4.2"]
[White "Lee, Graham D"]
[Black "Burgess, Graham"]
[Result "1-0"]
[WhiteElo "2313"]
[BlackElo "2314"]
[PlyCount "77"]
[EventDate "2000.11.26"]
[EventType "team"]
[EventRounds "11"]
[EventCountry "ENG"]
[SourceTitle "CBM 079 Extra"]
[Source "ChessBase"]
[SourceDate "2001.01.11"]
[SourceVersion "2"]
[SourceVersionDate "2001.01.25"]
[SourceQuality "1"]
[WhiteTeam "Wood Green II"]
[BlackTeam "Bristol"]
[WhiteTeamCountry "ENG"]
[BlackTeamCountry "ENG"]

1. e4 Nf6 2. e5 Nd5 3. Nc3 Nxc3 4. dxc3 d5 5. c4 c6 6. Bf4 Qb6 7. b3 Bf5 8. cxd5 Qb4+ 9. Qd2 Qxd2+ 10. Kxd2 cxd5 11. c4 dxc4 12. Bxc4 Nc6 13. Nf3 e6 14. Bb5 Be4 15. Ke3 Bd5 16. Rac1 Ba3 17. Rc2 a6 18. Bxc6+ bxc6 19. Nd2 h6 20. f3 Ke7 21. Nb1 Bb4 22. Ke2 Rhb8 23. Be3 Kd7 24. Rd1 a5 25. Rd4 a4 26. bxa4 Bc5 27. Rxc5 Rxb1 28. Rc2 g5 29. h4 gxh4 30. Rxh4 Rg8 31. Kf2 Ra1 32. Rxh6 Rxa2 33. Rxa2 Bxa2 34. Rh7 Ke8 35. a5 Bb1 36. Rh1 Bd3 37. Rd1 Bb5 38. g4 Rh8 39. Bg5 1-0

[Event "BCF-chT 9899 (4NCL)"]
[Site "England"]
[Date "1999.05.03"]
[Round "11.7"]
[White "Burgess, Graham"]
[Black "Smith, Alan A"]
[Result "1/2-1/2"]
[WhiteElo "2290"]
[BlackElo "2240"]
[PlyCount "34"]
[EventDate "1998.10.??"]
[EventType "team"]
[EventRounds "11"]
[EventCountry "ENG"]
[SourceTitle "EXT 2000"]
[Source "ChessBase"]
[SourceDate "1999.11.16"]
[SourceVersion "1"]
[SourceVersionDate "1999.11.16"]
[SourceQuality "1"]
[WhiteTeam "Bristol"]
[BlackTeam "NW Eagles"]
[WhiteTeamCountry "ENG"]
[BlackTeamCountry "ENG"]

1. d4 b6 2. e4 Bb7 3. Bd3 e6 4. Nf3 c5 5. c3 Nf6 6. Nbd2 Be7 7. 0-0 Nc6 8. Re1 d6 9. a3 Qc7 10. b4 0-0 11. Nf1 Nd7 12. Ne3 Rfe8 13. h4 Nf8 14. d5 Ne5 15. Bb5 Red8 16. h5 Nxf3+ 17. gxf3 Bf6 1/2-1/2

[Event "BCF-chT 9899 (4NCL)"]
[Site "England"]
[Date "1999.05.01"]
[Round "9.4"]
[White "Burgess, Graham"]
[Black "Levitt, Jonathan"]
[Result "1-0"]
[WhiteElo "2290"]
[BlackElo "2427"]
[PlyCount "77"]
[EventDate "1998.10.??"]
[EventType "team"]
[EventRounds "11"]
[EventCountry "ENG"]
[SourceTitle "EXT 2000"]
[Source "ChessBase"]
[SourceDate "1999.11.16"]
[SourceVersion "1"]
[SourceVersionDate "1999.11.16"]
[SourceQuality "1"]
[WhiteTeam "Bristol"]
[BlackTeam "Wood Green"]
[WhiteTeamCountry "ENG"]
[BlackTeamCountry "ENG"]

1. d4 Nf6 2. Nf3 d5 3. c4 dxc4 4. e3 e6 5. Bxc4 c5 6. 0-0 a6 7. e4 b5 8. Bd3 Bb7 9. e5 Nd5 10. Nbd2 c4 11. Bb1 Nd7 12. Ne4 h6 13. Re1 Qb6 14. a4 Be7 15. a5 Qc7 16. Nfd2 0-0-0 17. Qf3 Rdf8 18. Qg3 Kb8 19. Nf3 g5 20. Nc3 f5 21. exf6 Qxg3 22. hxg3 Rxf6 23. Be4 Bd6 24. Nh2 Rff8 25. Bf3 Re8 26. Ng4 Nb4 27. Bxb7 Kxb7 28. Re2 Nd3 29. Ne4 Be7 30. f3 h5 31. Ngf2 Nxc1 32. Rxc1 Rhg8 33. Nh3 Rg6 34. f4 g4 35. Nhg5 Bb4 36. Rd1 Kc6 37. Nxe6 Bxa5 38. d5+ Kb7 39. Nd6+ 1-0

[Event "BCF-chT 9798 (4NCL)"]
[Site "England"]
[Date "1998.03.22"]
[Round "8.2"]
[White "Burgess, Graham"]
[Black "Plaskett, H James"]
[Result "0-1"]
[WhiteElo "2300"]
[BlackElo "2445"]
[PlyCount "74"]
[EventDate "1997.11.??"]
[EventType "team"]
[EventRounds "11"]
[EventCountry "ENG"]
[SourceTitle "CBM 064 Extra"]
[Source "ChessBase"]
[SourceDate "1998.07.07"]
[SourceVersion "1"]
[SourceVersionDate "1998.07.07"]
[SourceQuality "1"]
[WhiteTeam "Bristol"]
[BlackTeam "Barbican"]
[WhiteTeamCountry "ENG"]
[BlackTeamCountry "ENG"]

1. d4 Nf6 2. c4 c5 3. d5 d6 4. Nc3 g6 5. e4 Bg7 6. h3 0-0 7. Nf3 a6 8. a4 e6 9. Bd3 Nbd7 10. 0-0 e5 11. Bg5 h6 12. Be3 Nh5 13. Qd2 g5 14. Ne2 Ndf6 15. Ng3 Nf4 16. h4 gxh4 17. Bxf4 exf4 18. Ne2 Ng4 19. Nxf4 Qf6 20. Ra2 Ne5 21. Nxe5 Qxe5 22. Ne2 f5 23. f4 Qe7 24. e5 dxe5 25. fxe5 Qxe5 26. Nf4 Bd7 27. Kh1 Rae8 28. Ng6 Qg3 29. Nf4 Re3 30. Bc2 Be5 31. Qf2 Qxf2 32. Rxf2 Re1+ 33. Kh2 Re4 34. Bxe4 fxe4 35. g3 hxg3+ 36. Kxg3 h5 37. b3 Bg4 0-1

[Event "BCF-chT 9697 (4NCL)"]
[Site "England"]
[Date "1997.02.23"]
[Round "8.3"]
[White "Burgess, Graham"]
[Black "Lyell, Mark"]
[Result "1-0"]
[WhiteElo "2290"]
[BlackElo "2235"]
[PlyCount "59"]
[EventDate "1996.10.??"]
[EventType "team"]
[EventRounds "12"]
[EventCountry "ENG"]
[SourceTitle "EXT 1999"]
[Source "ChessBase"]
[SourceDate "1998.11.16"]
[SourceVersion "1"]
[SourceVersionDate "1998.11.16"]
[SourceQuality "1"]
[WhiteTeam "Bristol"]
[BlackTeam "Na Fianna"]
[WhiteTeamCountry "ENG"]
[BlackTeamCountry "ENG"]

1. d4 f5 2. Bg5 g6 3. Nc3 d5 4. h4 Bg7 5. Nh3 h6 6. Bf4 Be6 7. Qd3 Nc6 8. Nb5 Rc8 9. Qg3 Bf7 10. e3 a6 11. Nc3 Nf6 12. Bd3 Nb4 13. Be5 Rg8 14. Nf4 Ne4 15. Qh3 c5 16. 0-0 cxd4 17. exd4 Bxe5 18. dxe5 Qc7 19. Rfe1 Qxe5 20. Nxe4 dxe4 21. Rxe4 Qxb2 22. Rae1 Rc7 23. Ne6 Bxe6 24. Rxe6 Qc3 25. Rxe7+ Kf8 26. Re8+ Kf7 27. Qe3 Qf6 28. Bc4+ Rxc4 29. Re7+ Kf8 30. Qxh6+ 1-0

[Event "BCF-chT 9697 (4NCL)"]
[Site "England"]
[Date "1997.??.??"]
[Round "10.2"]
[White "Gilbert, Jonathan A"]
[Black "Burgess, Graham"]
[Result "0-1"]
[WhiteElo "2150"]
[BlackElo "2290"]
[PlyCount "82"]
[EventDate "1996.10.??"]
[EventType "team"]
[EventRounds "12"]
[EventCountry "ENG"]
[SourceTitle "EXT 1999"]
[Source "ChessBase"]
[SourceDate "1998.11.16"]
[SourceVersion "1"]
[SourceVersionDate "1998.11.16"]
[SourceQuality "1"]
[WhiteTeam "Celtic Kts"]
[BlackTeam "Bristol"]
[WhiteTeamCountry "ENG"]
[BlackTeamCountry "ENG"]

1. Nf3 Nf6 2. g3 g6 3. b3 Bg7 4. Bb2 0-0 5. Bg2 d6 6. d4 Nbd7 7. 0-0 e5 8. dxe5 Ng4 9. Nbd2 Ndxe5 10. c3 a5 11. a4 f5 12. Nc4 Nxc4 13. Qd5+ Kh8 14. Qxc4 Qe7 15. Qd3 f4 16. Qd2 g5 17. c4 Ne5 18. Nxe5 Bxe5 19. Rad1 Bg4 20. h3 Bh5 21. g4 Bg6 22. Bf3 Qf6 23. Bd4 Bxd4 24. Qxd4 Qxd4 25. Rxd4 Bc2 26. Rc1 Bxb3 27. Rb1 Bxa4 28. Rxb7 Ra6 29. Rxc7 Bb3 30. Be4 a4 31. Rxh7+ Kg8 32. Rd5 Rf7 33. Rxg5+ Kf8 34. Rh8+ Ke7 35. Rgg8 a3 36. Re8+ Kd7 37. Rd8+ Kc7 38. Rc8+ Kb6 39. Rb8+ Kc5 40. Rhc8+ Kd4 41. Bd5 a2 0-1

[Event "Arnold Cup"]
[Site "Gausdal"]
[Date "1997.??.??"]
[Round "9"]
[White "Thorhallsson, Throstur"]
[Black "Burgess, Graham"]
[Result "1-0"]
[WhiteElo "2510"]
[BlackElo "2315"]
[PlyCount "81"]
[EventDate "1997.04.??"]
[EventType "swiss"]
[EventRounds "9"]
[EventCountry "NOR"]
[SourceTitle "EXT 1998"]
[Source "ChessBase"]
[SourceDate "1997.11.17"]
[SourceVersion "1"]
[SourceVersionDate "1997.11.17"]
[SourceQuality "1"]

1. e4 Nf6 2. e5 Nd5 3. c4 Nb6 4. c5 Nd5 5. Nc3 c6 6. Bc4 d6 7. Qb3 Nd7 8. Nxd5 Nxc5 9. Nc7+ Kd7 10. Qe3 Kxc7 11. Bxf7 Qd7 12. d4 Qf5 13. Bc4 Be6 14. Be2 Nd7 15. Bd3 Qf7 16. Ne2 Nb6 17. 0-0 Nd5 18. Qg3 g5 19. Be4 Rg8 20. Bd2 Bh6 21. Rac1 Nf4 22. Nc3 Raf8 23. d5 Bxd5 24. Bxd5 cxd5 25. exd6+ Kb8 26. dxe7 Qxe7 27. Nxd5 Qd6 28. Bxf4 gxf4 29. Qf3 Rg6 30. Kh1 Rfg8 31. Rfe1 a6 32. Ne7 Rxg2 33. Nxg8 Rxg8 34. Rcd1 Qb6 35. b3 Rc8 36. Re2 Rd8 37. Rde1 Ka7 38. Re6 Rd6 39. Rxd6 Qxd6 40. Rd1 Qe6 41. Qd5 1-0

[Event "4NCL 9495 2nd Season"]
[Site "England"]
[Date "1995.03.19"]
[Round "10.2"]
[White "Burgess, Graham"]
[Black "Wall, Gavin"]
[Result "1/2-1/2"]
[WhiteElo "2260"]
[BlackElo "2275"]
[PlyCount "64"]
[EventDate "1994.10.01"]
[EventType "team-tourn"]
[EventRounds "11"]
[EventCountry "GBR"]
[SourceTitle "EXT 2022"]
[Source "ChessBase"]
[SourceDate "2021.10.06"]
[SourceVersion "1"]
[SourceVersionDate "2021.10.06"]
[SourceQuality "1"]
[WhiteTeam "Covent Garden"]
[BlackTeam "Bristol"]
[WhiteTeamCountry "ENG"]
[BlackTeamCountry "ENG"]

1. d4 f5 2. Bg5 g6 3. Nc3 Nh6 4. e4 Nf7 5. Be3 fxe4 6. Nxe4 Bg7 7. Nf3 0-0 8. Bd3 Nc6 9. c3 d5 10. Neg5 Qd6 11. Nxf7 Rxf7 12. Ng5 Rf6 13. Qb3 Na5 14. Qa4 b6 15. b4 Nb7 16. Qb3 Bf5 17. Ba6 Nd8 18. 0-0 c6 19. c4 e6 20. Rac1 Rb8 21. cxd5 exd5 22. b5 h6 23. Nf3 Kh7 24. bxc6 Nxc6 25. Bb5 Na5 26. Qa4 Rf7 27. Ne5 Bxe5 28. dxe5 Qe6 29. Qh4 g5 30. Bxg5 Rg8 31. Bf6 Rg4 32. Qh3 Nc4 1/2-1/2

[Event "Troll Masters"]
[Site "Gausdal"]
[Date "1995.??.??"]
[Round "1"]
[White "Burgess, Graham"]
[Black "Fant, Goran"]
[Result "1-0"]
[WhiteElo "2260"]
[BlackElo "2080"]
[PlyCount "43"]
[EventDate "1995.01.??"]
[EventType "swiss"]
[EventRounds "9"]
[EventCountry "NOR"]
[SourceTitle "CBM 046 Extra"]
[Source "ChessBase"]
[SourceDate "1995.07.01"]
[SourceVersion "1"]
[SourceVersionDate "1995.07.01"]
[SourceQuality "1"]

1. d4 e6 2. Nf3 b6 3. e4 d5 4. exd5 Qxd5 5. Nc3 Bb4 6. Be2 a5 7. Ne5 Ra7 8. 0-0 Bxc3 9. bxc3 Ba6 10. Bf3 Qb5 11. Re1 Qa4 12. Bd5 exd5 13. Qh5 c5 14. Nxf7+ Kf8 15. Nxh8 Nf6 16. Qe5 Nc6 17. Qd6+ Kg8 18. Bg5 Ra8 19. Bxf6 Kxh8 20. Re3 h6 21. Rg3 Rg8 22. Bxg7+ 1-0

[Event "Troll Masters"]
[Site "Gausdal"]
[Date "1995.??.??"]
[Round "7"]
[White "Giddins, Stephen"]
[Black "Burgess, Graham"]
[Result "1/2-1/2"]
[WhiteElo "2290"]
[BlackElo "2260"]
[PlyCount "53"]
[EventDate "1995.01.??"]
[EventType "swiss"]
[EventRounds "9"]
[EventCountry "NOR"]
[SourceTitle "CBM 046 Extra"]
[Source "ChessBase"]
[SourceDate "1995.07.01"]
[SourceVersion "1"]
[SourceVersionDate "1995.07.01"]
[SourceQuality "1"]

1. d4 Nf6 2. c4 g6 3. Nf3 Bg7 4. g3 0-0 5. Bg2 d6 6. 0-0 Nbd7 7. Qc2 e5 8. Rd1 Qe7 9. Nc3 c6 10. b3 Re8 11. Bb2 exd4 12. Nxd4 h5 13. Nf3 Nc5 14. b4 Bf5 15. Qc1 Nce4 16. Nxe4 Bxe4 17. a3 d5 18. c5 Ng4 19. Bxg7 Kxg7 20. Qc3+ f6 21. a4 a6 22. Bf1 Bxf3 23. exf3 Qe5 24. Qd2 Nh6 25. Re1 Qf5 26. f4 Qd7 27. Bd3 1/2-1/2

[Event "Troll Masters"]
[Site "Gausdal"]
[Date "1995.??.??"]
[Round "4"]
[White "Tisdall, Jonathan D"]
[Black "Burgess, Graham"]
[Result "1-0"]
[WhiteElo "2470"]
[BlackElo "2260"]
[PlyCount "57"]
[EventDate "1995.01.??"]
[EventType "swiss"]
[EventRounds "9"]
[EventCountry "NOR"]
[SourceTitle "CBM 046 Extra"]
[Source "ChessBase"]
[SourceDate "1995.07.01"]
[SourceVersion "1"]
[SourceVersionDate "1995.07.01"]
[SourceQuality "1"]

1. d4 Nf6 2. c4 g6 3. Nc3 Bg7 4. e4 d6 5. Nf3 0-0 6. Be2 e5 7. Be3 c6 8. 0-0 exd4 9. Bxd4 Re8 10. Qc2 Qe7 11. Rfe1 Nbd7 12. h3 Nc5 13. Bf1 a5 14. Rad1 h6 15. e5 dxe5 16. Bxe5 Bf5 17. Qc1 Ncd7 18. Bd6 Qd8 19. Nd4 Be6 20. Qc2 g5 21. Nxe6 Rxe6 22. Rxe6 fxe6 23. Re1 Qe8 24. Qb3 Ra7 25. c5 Nd5 26. Nxd5 cxd5 27. Qxd5 exd5 28. Rxe8+ Nf8 29. a4 1-0

[Event "4NCL 9495 2nd Season"]
[Site "England"]
[Date "1994.10.02"]
[Round "2.3"]
[White "Burgess, Graham"]
[Black "Ferguson, Mark"]
[Result "0-1"]
[WhiteElo "2260"]
[BlackElo "2370"]
[PlyCount "56"]
[EventDate "1994.10.01"]
[EventType "team-tourn"]
[EventRounds "11"]
[EventCountry "GBR"]
[SourceTitle "EXT 2022"]
[Source "ChessBase"]
[SourceDate "2021.10.06"]
[SourceVersion "1"]
[SourceVersionDate "2021.10.06"]
[SourceQuality "1"]
[WhiteTeam "Covent Garden"]
[BlackTeam "Midland Monarchs"]
[WhiteTeamCountry "ENG"]
[BlackTeamCountry "ENG"]

1. d4 d5 2. c4 c6 3. Nf3 Nf6 4. Nc3 dxc4 5. e4 b5 6. e5 Nd5 7. a4 e6 8. axb5 Nxc3 9. bxc3 cxb5 10. Ng5 Bb7 11. Qh5 g6 12. Qg4 Be7 13. Be2 Bd5 14. Bf3 Nc6 15. h4 h5 16. Qf4 Bxg5 17. hxg5 Bxf3 18. Qxf3 Qd5 19. Qf6 Rg8 20. f3 b4 21. Rh4 a5 22. g4 hxg4 23. Rh8 Ne7 24. cxb4 Qxd4 25. Rxa5 Rd8 26. Rxg8+ Nxg8 27. Qf4 Qg1+ 28. Ke2 Qg2+ 0-1